[Event "Online Olym Div3 C 2020"]
[Site "chess.com INT"]
[Date "2020.07.08"]
[Round "5.2"]
[Board "2"]
[White "Khumnorkaew, Tupfah"]
[Black "Lenaerts, Lennert"]
[Result "1/2-1/2"]
[BlackTitle "FM"]
[WhiteElo "2099"]
[BlackElo "2357"]
[WhiteTeam "Thailand"]
[BlackTeam "Belgium"]
[WhiteFideId "6202071"]
[BlackFideId "211435"]
[EventDate "2020.07.07"]
[EventType "team"]

1. e4 e5 2. Nf3 Nc6 3. Bb5 a6 4. Ba4 Nf6 5. O-O Be7 6. Re1 b5 7. Bb3 O-O 8. c3
d5 9. d3 dxe4 10. dxe4 Qxd1 11. Bxd1 Bb7 12. Nbd2 Bc5 13. h3 Rfd8 14. Nb3 Nxe4
15. Be3 Bxe3 16. Rxe3 Nd6 17. Nxe5 Nxe5 18. Rxe5 Nc4 19. Re2 Re8 20. Nc5 Bc6 21.
b3 Rxe2 22. Bxe2 Nd6 23. Rd1 a5 24. f3 Kf8 25. Kf2 b4 26. Rc1 Bb5 27. Bxb5 Nxb5
28. cxb4 axb4 29. Na4 Rd8 30. Rc5 Na3 31. Rxc7 Rd2+ 32. Kg1 Rxa2 33. Nb6 Nc2 34.
Nd5 g6 35. Nf6 Ne3 36. g4 h6 37. Rb7 Nc2 38. Nd7+ Ke7 39. Ne5+ Ke6 40. Nxf7 Nd4
41. Nxh6 Nxf3+ 42. Kf1 Rd2 43. Rxb4 Nh2+ 44. Ke1 Nf3+ 45. Kf1 Nh2+ 46. Ke1 Nf3+
47. Kf1 1/2-1/2

[Event "Online Olym Div3 C 2020"]
[Site "chess.com INT"]
[Date "2020.07.08"]
[Round "5.3"]
[Board "1"]
[White "Borg, Geoffrey"]
[Black "Khairallah, Faisal"]
[Result "1/2-1/2"]
[WhiteTitle "FM"]
[BlackTitle "FM"]
[WhiteElo "2367"]
[BlackElo "2247"]
[WhiteTeam "Malta"]
[BlackTeam "Lebanon"]
[WhiteFideId "5600014"]
[BlackFideId "4628250"]
[EventDate "2020.07.07"]
[EventType "team"]

1. d4 Nf6 2. c4 d6 3. Nc3 Nbd7 4. Nf3 g6 5. Bf4 Nh5 6. Bc1 Bg7 7. e4 e5 8. Be2
O-O 9. dxe5 dxe5 10. O-O c6 11. Be3 Nf4 12. Qd2 Nxe2+ 13. Qxe2 Qe7 14. Rfd1 Nc5
15. h3 Ne6 1/2-1/2

[Event "Online Olym Div3 C 2020"]
[Site "chess.com INT"]
[Date "2020.07.08"]
[Round "6.2"]
[Board "1"]
[White "Phiri, Richmond"]
[Black "Saraci, Nderim"]
[Result "1/2-1/2"]
[WhiteTitle "IM"]
[BlackTitle "IM"]
[WhiteElo "2348"]
[BlackElo "2415"]
[WhiteTeam "Zambia"]
[BlackTeam "Kosovo"]
[WhiteFideId "8700443"]
[BlackFideId "6351921"]
[EventDate "2020.07.07"]
[EventType "team"]

1. d4 Nf6 2. c4 g6 3. Nc3 Bg7 4. Nf3 O-O 5. e4 d6 6. Be2 c5 7. d5 b5 8. cxb5 a6
9. bxa6 Bxa6 10. O-O Nbd7 11. h3 Qb6 12. Re1 Rfb8 13. Bxa6 Qxa6 14. e5 Nxe5 15.
Nxe5 dxe5 16. Rxe5 Rb7 17. Qe2 Qxe2 18. Rxe2 Rd8 19. Bg5 Nxd5 1/2-1/2

[Event "Online Olym Div3 C 2020"]
[Site "chess.com INT"]
[Date "2020.07.08"]
[Round "6.3"]
[Board "4"]
[White "Al-Fayyadh, Zainab Asif Abdulah"]
[Black "Jalloul, Maya"]
[Result "1/2-1/2"]
[BlackTitle "WFM"]
[WhiteElo "1631"]
[BlackElo "1861"]
[WhiteTeam "Iraq"]
[BlackTeam "Lebanon"]
[WhiteFideId "4806476"]
[BlackFideId "5300800"]
[EventDate "2020.07.07"]
[EventType "team"]

1. e4 c5 2. Nc3 a6 3. f4 g6 4. Nf3 Bg7 5. a4 Nc6 6. Bc4 e6 7. d3 Nge7 8. O-O d6
9. Kh1 O-O 10. Ne2 Rb8 11. Qe1 b5 12. axb5 axb5 13. Bb3 d5 14. c3 c4 15. Bc2 b4
16. dxc4 dxc4 17. Qh4 h6 18. f5 exf5 19. Bxh6 f6 20. exf5 Bxf5 21. Bxg7 Kxg7 22.
Bxf5 Nxf5 23. Qxc4 Qd6 24. Rfd1 Qc7 25. Ned4 Nfxd4 26. Nxd4 Qf7 27. Qxc6 Rfe8
28. Nf3 bxc3 29. bxc3 Rbc8 30. Qd7 Rxc3 31. Qxf7+ Kxf7 32. Ra7+ Kf8 33. h3 Re7
34. Rdd7 Rce3 35. Nd4 Kf7 36. Rxe7+ Rxe7 37. Rxe7+ Kxe7 38. Kh2 Kd6 39. Kg3 Ke5
40. Nf3+ Kf5 41. Kh4 Kf4 42. Nd4 g5+ 43. Kh5 Kg3 44. Nf5+ Kxg2 45. Kg4 Kf2 46.
Ng3 Kg2 47. Nf5 Kf2 48. Nd6 Kg2 49. Nf5 1/2-1/2

[Event "Online Olym Div3 C 2020"]
[Site "chess.com INT"]
[Date "2020.07.08"]
[Round "6.4"]
[Board "1"]
[White "Kulpruethanon, Thanadon"]
[Black "Borg, Geoffrey"]
[Result "1/2-1/2"]
[WhiteTitle "FM"]
[BlackTitle "FM"]
[WhiteElo "2282"]
[BlackElo "2367"]
[WhiteTeam "Thailand"]
[BlackTeam "Malta"]
[WhiteFideId "6201610"]
[BlackFideId "5600014"]
[EventDate "2020.07.07"]
[EventType "team"]

1. e4 e6 2. d4 d5 3. Bd3 dxe4 4. Bxe4 Nf6 5. Bf3 Be7 6. Ne2 O-O 7. Nbc3 c5 8. d5
exd5 9. Nxd5 Nxd5 10. Qxd5 Nc6 1/2-1/2

[Event "Online Olym Div3 C 2020"]
[Site "chess.com INT"]
[Date "2020.07.08"]
[Round "6.4"]
[Board "2"]
[White "Fleri, Matthew"]
[Black "Arunnuntapanich, Tinnakrit"]
[Result "1/2-1/2"]
[WhiteElo "1857"]
[BlackElo "2064"]
[WhiteTeam "Malta"]
[BlackTeam "Thailand"]
[WhiteFideId "5602165"]
[BlackFideId "6202039"]
[EventDate "2020.07.07"]
[EventType "team"]

1. d4 Nf6 2. Bf4 d6 3. Nc3 g6 4. e4 Bg7 5. Qd2 h6 6. O-O-O g5 7. Be3 Ng4 8. Kb1
a6 9. h4 Nxe3 10. Qxe3 g4 11. Bc4 b5 12. Bb3 e6 13. f4 Nc6 14. d5 Na5 15. e5
Nxb3 16. axb3 O-O 17. Nge2 b4 18. Ne4 exd5 19. Rxd5 Bb7 20. Rd3 Qe7 21. N2g3
dxe5 22. Nf5 Qe6 23. Nxg7 Kxg7 24. Nc5 Qc6 25. Nd7 Rfe8 26. fxe5 Qe4 27. Qxe4
Bxe4 28. Rd4 Bf5 29. Nf6 Rxe5 30. Nxg4 Re2 31. Rc1 h5 32. Nh2 Rxg2 33. Nf3 c5
34. Rd5 Be4 35. Rg5+ Rxg5 36. Nxg5 Bf5 37. Rf1 Bg6 38. Kc1 Re8 39. c3 Re2 40.
cxb4 cxb4 41. Rf4 Rc2+ 42. Kd1 Rxb2 43. Rxb4 Bc2+ 44. Kc1 Rxb3 45. Ra4 Bd3 46.
Rf4 Bg6 47. Ra4 Rb6 48. Kd2 Rd6+ 49. Ke3 Bd3 50. Rf4 f6 51. Ne4 Bxe4 52. Kxe4
Kg6 53. Rf2 Rb6 54. Rg2+ Kf7 55. Rf2 Rb4+ 56. Ke3 Rxh4 57. Ra2 Kg6 58. Rxa6 Rh3+
59. Kf4 Rb3 60. Ra1 Rb4+ 61. Kf3 Kg5 62. Ra5+ f5 63. Ra8 Rb3+ 64. Kg2 Rb2+ 65.
Kf3 Rb3+ 66. Kg2 h4 67. Rg8+ Kf4 68. Rc8 Rg3+ 69. Kf2 Rg7 70. Rc4+ Kg5 71. Kg2
Ra7 72. Kf3 Ra3+ 73. Kg2 Ra2+ 74. Kh3 Ra3+ 75. Kg2 h3+ 76. Kh2 f4 77. Rc8 Rg3
78. Rg8+ Kh4 79. Rh8+ Kg4 80. Rg8+ Kf3 81. Ra8 Rg2+ 82. Kxh3 Re2 83. Ra3+ Kf2
84. Kg4 Re3 85. Ra2+ Re2 86. Rxe2+ Kxe2 87. Kxf4 1/2-1/2

[Event "Online Olym Div3 C 2020"]
[Site "chess.com INT"]
[Date "2020.07.09"]
[Round "7.1"]
[Board "5"]
[White "Huynh, Laurent"]
[Black "Razanadrakotoarisoa, Toavina"]
[Result "1/2-1/2"]
[WhiteElo "2227"]
[BlackElo "2028"]
[WhiteTeam "Belgium"]
[BlackTeam "Madagascar"]
[WhiteFideId "238430"]
[BlackFideId "13101439"]
[EventDate "2020.07.07"]
[EventType "team"]

1. e4 c5 2. Nf3 d6 3. d4 cxd4 4. Nxd4 Nf6 5. Nc3 g6 6. Be3 Bg7 7. f3 O-O 8. Qd2
Bd7 9. O-O-O Nc6 10. g4 Rb8 11. Kb1 a6 12. h4 Nxd4 13. Bxd4 Be6 14. h5 b5 15.
hxg6 fxg6 16. Bd3 Qa5 17. Qh2 b4 18. Nd5 Kf7 19. Bc4 Bxd5 20. Bxd5+ Nxd5 21.
exd5 Bxd4 22. Rxd4 Rh8 23. Qf4+ Ke8 24. Qe4 Kd8 25. Re1 Re8 26. Rc4 Rb5 27. Qe6
Rc5 28. Ree4 Qc7 29. b3 a5 30. Qf7 Qb7 31. Rxc5 dxc5 32. Rc4 Qc7 33. Qxh7 Qd6
34. Qf7 Rh8 35. Qf4 Rh1+ 36. Kb2 Qxd5 37. Qe4 Qd6 38. Qe3 Qf6+ 39. c3 Rh2+ 40.
Kc1 Rh1+ 41. Kc2 Rh2+ 42. Kc1 Rh1+ 1/2-1/2

[Event "Online Olym Div3 C 2020"]
[Site "chess.com INT"]
[Date "2020.07.09"]
[Round "7.2"]
[Board "2"]
[White "Ahmad, Al Khatib"]
[Black "Darmanin, Jake"]
[Result "1/2-1/2"]
[WhiteTitle "IM"]
[BlackTitle "CM"]
[WhiteElo "2254"]
[BlackElo "2045"]
[WhiteTeam "Jordan"]
[BlackTeam "Malta"]
[WhiteFideId "8103178"]
[BlackFideId "5601061"]
[EventDate "2020.07.07"]
[EventType "team"]

1. Nf3 Nf6 2. g3 b6 3. Bg2 Bb7 4. O-O e6 5. d3 d5 6. Nbd2 Be7 7. e4 dxe4 8. dxe4
O-O 9. e5 Nfd7 10. Re1 c5 11. Qe2 Nc6 12. c3 Qc7 13. Nc4 b5 14. Nd6 a6 15. Nxb7
Qxb7 16. h4 Rac8 17. Bg5 h6 18. Bf4 Rfd8 19. g4 Nb6 20. g5 Nd5 21. Bg3 h5 22.
Nd2 g6 23. Ne4 Qc7 24. Nf6+ Nxf6 25. gxf6 Bf8 26. Bf3 Qd7 27. Rad1 Qe8 28. Bxh5
Rxd1 29. Qxd1 Rd8 30. Qg4 Bh6 31. Bxg6 fxg6 32. h5 Kh7 33. hxg6+ Qxg6 34. Qxe6
Rd3 35. Qxc6 Rxg3+ 36. fxg3 Qxg3+ 37. Kf1 Qf4+ 38. Kg2 Qg4+ 39. Kf2 Qh4+ 40. Kf1
Qf4+ 41. Kg2 Qg4+ 1/2-1/2

[Event "Online Olym Div3 C 2020"]
[Site "chess.com INT"]
[Date "2020.07.09"]
[Round "7.2"]
[Board "4"]
[White "Alattar, Ghayda M."]
[Black "Thornton, Filipina"]
[Result "1/2-1/2"]
[WhiteTitle "WFM"]
[BlackTitle "WFM"]
[WhiteElo "1868"]
[BlackElo "1738"]
[WhiteTeam "Jordan"]
[BlackTeam "Malta"]
[WhiteFideId "8101531"]
[BlackFideId "5600464"]
[EventDate "2020.07.07"]
[EventType "team"]

1. d4 Nf6 2. Nc3 g6 3. e4 d6 4. Bc4 Bg7 5. Nf3 a6 6. Bb3 b5 7. a3 Bb7 8. O-O O-O
9. Re1 c5 10. dxc5 dxc5 11. Bd5 Nc6 12. Bg5 h6 13. Bh4 g5 14. Bg3 Nh5 15. Be5
Nf6 16. Bg3 b4 17. Na4 Nxd5 18. exd5 Nd4 19. c4 bxc3 20. Nxc3 Nxf3+ 21. Qxf3
Bxc3 22. bxc3 Qxd5 23. Qxd5 Bxd5 24. Rxe7 Be6 25. h4 Rfd8 26. hxg5 hxg5 27. Rc7
c4 28. Be5 Rd5 29. Bd4 Rb8 30. Rxc4 Rb2 31. Rb4 Re2 32. Rb6 a5 33. Rc6 Kh7 34.
Rc5 Rxc5 35. Bxc5 Kg6 36. Bd4 a4 37. Bc5 Bb3 38. Bb4 Kf5 39. Rc1 Rc2 40. Rxc2
Bxc2 41. Kf1 Ke4 42. Ke1 Bb3 43. Kd2 Kd5 44. Ke3 f5 45. g3 Ke5 46. Kd3 f4 47.
gxf4+ gxf4 48. c4 f3 49. c5 Bd5 50. Ke3 Kf5 51. Kd4 Bc6 52. Bd2 Ke6 1/2-1/2

[Event "Online Olym Div3 C 2020"]
[Site "chess.com INT"]
[Date "2020.07.09"]
[Round "7.3"]
[Board "3"]
[White "Al-Fayyadh, Zainab Asif Abdulah"]
[Black "Promsirinimit, Pornouma"]
[Result "1/2-1/2"]
[WhiteElo "1631"]
[BlackElo "1559"]
[WhiteTeam "Iraq"]
[BlackTeam "Thailand"]
[WhiteFideId "4806476"]
[BlackFideId "6204171"]
[EventDate "2020.07.07"]
[EventType "team"]

1. e4 Nc6 2. Nf3 e5 3. Bb5 d6 4. O-O Bd7 5. d4 exd4 6. Nxd4 Ne5 7. f4 Ng6 8. Nc3
c6 9. Bc4 Be7 10. Kh1 Nf6 11. Bb3 O-O 12. Qe1 Re8 13. Qg3 Nh5 14. Qf3 Nf6 15.
Bd2 Nh4 16. Qd3 b5 17. f5 b4 18. Nce2 c5 19. Nf3 Ng4 20. Be1 Nxf3 21. Qxf3 Ne5
22. Qh5 Bg5 23. Bg3 Qf6 24. Bxe5 Rxe5 25. Ng3 Bh4 26. Rad1 Bxg3 27. hxg3 Rf8 28.
Rf4 Bc6 29. Bd5 Bxd5 30. Rxd5 Rxd5 31. exd5 Qxb2 32. f6 Qe5 33. Rf5 Qa1+ 34. Kh2
h6 35. Rf4 Kh7 36. fxg7 Qxg7 37. Rg4 Qf6 38. Rf4 Qg5 39. Qxg5 hxg5 40. Rf6 Kg7
41. Rxd6 c4 42. Rc6 c3 43. Ra6 Rd8 44. Rxa7 Rxd5 45. Rb7 Rd4 46. Rb5 f6 47. Kh3
Kg6 48. g4 Rd2 49. Rxb4 Rxc2 50. Rc4 Rxa2 51. Rxc3 Ra4 52. g3 Ra1 53. Kh2 Ra2+
54. Kh3 Ra6 55. Kh2 Re6 56. Kh3 Re2 57. Rb3 Rf2 58. Rc3 Rf1 59. Kg2 Ra1 60. Kh2
Ra8 61. Rc7 Rh8+ 62. Kg2 Rb8 63. Kh2 Rb4 64. Kh3 Re4 65. Rb7 Re1 66. Kg2 Re2+
67. Kh3 1/2-1/2

[Event "Online Olym Div3 C 2020"]
[Site "chess.com INT"]
[Date "2020.07.09"]
[Round "7.3"]
[Board "4"]
[White "Taweesupmun, Chanida"]
[Black "Jalaluldeen, Kareen Kamal J."]
[Result "1/2-1/2"]
[WhiteTitle "WCM"]
[BlackTitle "WFM"]
[WhiteElo "1604"]
[BlackElo "1811"]
[WhiteTeam "Thailand"]
[BlackTeam "Iraq"]
[WhiteFideId "6200117"]
[BlackFideId "4801776"]
[EventDate "2020.07.07"]
[EventType "team"]

1. d4 d5 2. Nf3 Nf6 3. Bf4 c5 4. e3 Nc6 5. c3 Bf5 6. Bd3 Bxd3 7. Qxd3 e6 8. O-O
Bd6 9. Bxd6 Qxd6 10. Nbd2 O-O 11. Rfd1 Rad8 12. Qb5 cxd4 13. exd4 Qc7 14. Re1 a6
15. Qd3 h6 16. h3 Rfe8 17. Ne5 Nd7 18. Qg3 f6 19. Nxd7 Qxg3 20. Nxf6+ gxf6 21.
fxg3 e5 22. Rf1 Kg7 23. Nf3 e4 24. Nh4 Ne7 25. Rae1 Rf8 26. g4 b5 27. a3 Rh8 28.
Nf5+ Nxf5 29. Rxf5 Kg6 30. Ref1 Rd6 31. Rh5 Rf8 32. Rff5 Rfd8 33. Kf2 a5 34. Ke3
Kg7 35. Rf1 Rc8 36. Rff5 Rcd8 37. Rf1 Rc8 38. Rff5 Rcd8 1/2-1/2

[Event "Online Olym Div3 C 2020"]
[Site "chess.com INT"]
[Date "2020.07.09"]
[Round "7.3"]
[Board "6"]
[White "Chuemsakul, Sarocha"]
[Black "Nihad, Sabah Noori"]
[Result "1/2-1/2"]
[WhiteTitle "WFM"]
[WhiteElo "1668"]
[BlackElo "1324"]
[WhiteTeam "Thailand"]
[BlackTeam "Iraq"]
[WhiteFideId "6203710"]
[BlackFideId "4809394"]
[EventDate "2020.07.07"]
[EventType "team"]

1. d4 d5 2. c4 e6 3. Nf3 Nf6 4. g3 c6 5. Bg2 Nbd7 6. Qc2 Qc7 7. Bf4 Bd6 8. Bxd6
Qxd6 9. cxd5 exd5 10. Nbd2 O-O 11. O-O Re8 12. Rfe1 Ne4 13. e3 Ndf6 14. Rad1 Bf5
15. Qb3 Qc7 16. Ne5 Nxd2 17. Rxd2 Ne4 18. Rdd1 f6 19. Nd3 Rab8 20. f3 Ng5 21. e4
Be6 22. e5 fxe5 23. dxe5 Nf7 24. f4 g5 25. Rf1 gxf4 26. gxf4 Nh6 27. Nf2 Nf5 28.
Ng4 Kh8 29. Rd2 Qg7 30. Nf6 Re7 31. Kh1 Qh6 32. Qh3 Qxh3 33. Bxh3 Ng3+ 34. hxg3
Bxh3 35. Rg1 Rg7 36. Rh2 Bg4 37. Kg2 Bf5 38. Kf2 Rd8 39. g4 Be4 40. Ke3 c5 41.
Nxe4 dxe4 42. Kxe4 Rd4+ 43. Ke3 Rgd7 44. Rgh1 Rd3+ 45. Ke4 R3d4+ 46. Ke3 Rd3+
47. Kf2 Rd2+ 48. Ke3 R2d3+ 1/2-1/2

[Event "Online Olym Div3 C 2020"]
[Site "chess.com INT"]
[Date "2020.07.09"]
[Round "7.4"]
[Board "5"]
[White "Saraci, Korab"]
[Black "Farhat, Jawad"]
[Result "1/2-1/2"]
[WhiteElo "2091"]
[BlackElo "1773"]
[WhiteTeam "Kosovo"]
[BlackTeam "Lebanon"]
[WhiteFideId "4701968"]
[BlackFideId "5303788"]
[EventDate "2020.07.07"]
[EventType "team"]

1. e4 e6 2. d4 d5 3. exd5 exd5 4. Nf3 Nf6 5. Bd3 Bd6 6. O-O O-O 7. Bg5 Bg4 8.
Nbd2 Nbd7 9. c3 c6 10. Qc2 Qc7 11. Bf5 Rfe8 12. Rae1 Bh5 13. Bh4 Bg6 14. Bg3
Bxg3 15. hxg3 c5 16. Qb1 c4 17. Ng5 b5 18. Nh3 a5 19. Nf4 b4 20. Nf3 Rab8 21.
Qc2 Kf8 22. Bxg6 hxg6 23. Qa4 Ra8 24. Ng5 Qb7 25. Qc2 Ne4 26. Nxe4 dxe4 27. Re3
b3 28. axb3 cxb3 29. Qb1 Nb6 30. Rfe1 Nc4 31. Rxe4 Rxe4 32. Rxe4 Nd2 33. Nxg6+
Kg8 34. Re7 fxg6 35. Qe1 Qb6 36. Qxd2 Rf8 37. Qe3 a4 38. Re6 Qb5 39. Qe5 Qd3 40.
Re7 Qd1+ 41. Kh2 Qh5+ 42. Qxh5 gxh5 43. f3 Ra8 44. Re1 a3 45. bxa3 Rxa3 46. Rb1
Kf7 47. c4 Ke6 48. Kh3 g5 49. Rb2 Kf5 50. c5 Ke6 51. g4 h4 52. g3 hxg3 53. Kxg3
Kd5 54. f4 gxf4+ 55. Kxf4 Kxd4 56. c6 Kc3 57. c7 Ra4+ 58. Kf5 Rc4 59. Rb1 Kc2
60. Rg1 b2 61. g5 Rxc7 62. g6 Rd7 63. Kf6 Rd6+ 64. Kf7 Rd1 65. Rxd1 Kxd1 66. g7
b1=Q 67. g8=Q Qb7+ 68. Kg6 1/2-1/2

[Event "Online Olym Div3 C 2020"]
[Site "chess.com INT"]
[Date "2020.07.09"]
[Round "7.5"]
[Board "4"]
[White "Mbatha, Constance"]
[Black "Chong, Kimberly"]
[Result "1/2-1/2"]
[WhiteTitle "WCM"]
[WhiteElo "1647"]
[BlackElo "1790"]
[WhiteTeam "Zambia"]
[BlackTeam "Wales"]
[WhiteFideId "8700591"]
[BlackFideId "1804723"]
[EventDate "2020.07.07"]
[EventType "team"]

1. e4 d5 2. exd5 Nf6 3. Nf3 Nxd5 4. Be2 Bf5 5. c4 Nf6 6. d4 e6 7. O-O Be7 8. Nc3
O-O 9. b3 c6 10. Bb2 Nbd7 11. Rc1 Re8 12. Re1 Nb6 13. Nh4 Bg6 14. Nxg6 hxg6 15.
Bf3 Qc7 16. g3 Rad8 17. Re2 a6 18. Bg2 c5 19. Rd2 cxd4 20. Rxd4 Bc5 21. Rxd8
Rxd8 22. Qe2 e5 23. Rd1 Bd4 24. Rd2 Nbd7 25. Nd5 Nxd5 26. Bxd4 exd4 27. Bxd5 Nf6
28. Rxd4 Nxd5 29. cxd5 Qc1+ 30. Kg2 Qa1 31. Qd2 Qb1 32. d6 Qf5 33. Qe3 Qe6 34.
Qd3 Rd7 35. a4 Kh7 36. b4 Kg8 37. b5 f6 38. bxa6 bxa6 39. Qxa6 Qe8 40. Qc4+ Kf8
41. Qd5 Qe5 42. a5 Qxd5+ 43. Rxd5 Kf7 44. a6 Ke8 45. h4 Ra7 46. Rb5 Rxa6 47. d7+
Kd8 48. Rb7 Rd6 49. Rb8+ Kxd7 50. Rg8 Ke6 51. Rxg7 Kf5 52. Kh3 g5 53. g4+ Kf4
54. Rf7 Rd3+ 55. Kg2 gxh4 56. Rxf6+ Kxg4 57. Rh6 h3+ 58. Kh2 Rf3 59. Kg1 Kg5 60.
Rh8 Kg4 61. Rg8+ Kh4 62. Rh8+ Kg4 63. Kf1 Rf5 64. Rg8+ Rg5 65. f3+ Kf4 66. Rxg5
Kxg5 67. Kg1 Kf4 68. Kh2 Kxf3 69. Kxh3 1/2-1/2

[Event "Online Olym Div3 C 2020"]
[Site "chess.com INT"]
[Date "2020.07.09"]
[Round "7.5"]
[Board "6"]
[White "Bwalya Mulwale, Lubuuto"]
[Black "Sivarajasingam, Shayanna"]
[Result "1/2-1/2"]
[WhiteTitle "WCM"]
[BlackTitle "WCM"]
[WhiteElo "1744"]
[BlackElo "1818"]
[WhiteTeam "Zambia"]
[BlackTeam "Wales"]
[WhiteFideId "8706964"]
[BlackFideId "1802887"]
[EventDate "2020.07.07"]
[EventType "team"]

1. d4 d5 2. c4 e6 3. Nc3 Nf6 4. e3 Be7 5. Nf3 O-O 6. Be2 a6 7. O-O dxc4 8. Bxc4
b5 9. Bd3 Bb7 10. Qe2 c5 11. Rd1 Qc7 12. Bd2 c4 13. Bc2 Nbd7 14. e4 Nb6 15. a3
Rfd8 16. Rac1 Rac8 17. h3 h6 18. Bb1 Bc6 19. Be3 Nbd7 20. d5 exd5 21. exd5 Bb7
22. Bxh6 gxh6 23. Qxe7 Re8 24. Qb4 Nb6 25. d6 Qd7 26. a4 Bxf3 27. gxf3 Nxa4 28.
Nxa4 bxa4 29. Rxc4 Rxc4 30. Qxc4 Qxh3 31. Qf4 Kg7 32. Qg3+ Qxg3+ 33. fxg3 Rd8
34. Bc2 Ne8 35. d7 Nf6 36. Bxa4 Nh5 37. Rc1 Nf6 38. Rc8 Rxd7 39. Bxd7 Nxd7 40.
Rc6 Ne5 41. Rxa6 Nxf3+ 42. Kg2 Nd4 43. b4 h5 44. b5 Nxb5 45. Ra5 Nd4 46. Rxh5
Ne6 47. Re5 Kf6 48. Re4 Kf5 49. Ra4 Kg6 50. Kf3 Kg5 51. Ra5+ Kg6 52. Ke4 Ng5+
53. Kf4 Ne6+ 54. Ke5 Ng5 55. g4 Nf3+ 56. Kf4 Nd4 57. Ra6+ Ne6+ 58. Kg3 Kg5 59.
Ra5+ Kg6 60. Rf5 Nd4 61. Re5 Nc6 62. Rb5 Nd8 63. Kh4 Ne6 64. g5 Ng7 65. Rb6+ Ne6
66. Rd6 Kf5 67. Rxe6 Kxe6 68. Kh5 Kf5 69. Kh6 Kf4 70. Kh5 Kf5 71. Kh6 Kf4 1/2-1/2

[Event "Online Olym Div3 C 2020"]
[Site "chess.com INT"]
[Date "2020.07.09"]
[Round "8.2"]
[Board "1"]
[White "Eid, Fadi"]
[Black "Toczek, Grzegorz"]
[Result "1/2-1/2"]
[WhiteTitle "IM"]
[BlackTitle "FM"]
[WhiteElo "2323"]
[BlackElo "2271"]
[WhiteTeam "Lebanon"]
[BlackTeam "Wales"]
[WhiteFideId "5300118"]
[BlackFideId "1106457"]
[EventDate "2020.07.07"]
[EventType "team"]

1. e4 d5 2. Nc3 d4 3. Nce2 e5 4. Ng3 Be6 5. Nf3 f6 6. b3 Qd7 7. Bc4 Nc6 8. O-O
Bd6 9. Bxe6 Qxe6 10. c3 dxc3 11. dxc3 Nge7 12. Qe2 O-O 13. Be3 a6 14. Rfd1 Rfd8
15. h3 Ng6 16. Nf5 Bf8 17. N3h4 Nce7 18. Qg4 Kf7 19. Nf3 Qc6 20. c4 Nxf5 21.
Qxf5 Kg8 22. h4 Ne7 23. Qg4 Kf7 24. h5 Qe6 25. Qg3 Nc6 26. Nh4 Rxd1+ 27. Rxd1
Rd8 28. Rd5 Rd7 29. Nf5 Ne7 30. Qf3 c6 31. Rd1 Nxf5 32. Rxd7+ Qxd7 33. exf5 Qd3
34. Bb6 Qxf3 35. gxf3 h6 36. Kf1 Bb4 37. Ke2 Ke7 38. Ke3 Kd7 39. Ke4 Bd6 40. Be3
Bb4 41. f4 exf4 42. Bxf4 Bd6 43. Be3 Bb4 44. f3 Bd6 45. Bd4 Bb4 46. Bb2 Kd6 47.
Bd4 Bc5 48. Bc3 Bf2 49. Bb4+ Bc5 50. Ba5 b6 51. Bc3 a5 52. Bb2 Bf2 53. Ba3+ Bc5
54. Bc1 Bf2 55. Ba3+ Bc5 56. Bc1 Bf2 57. a4 Bc5 58. Bf4+ Kd7 59. Bd2 Bf2 60. b4
axb4 61. Bxb4 c5 62. Bc3 Kc6 63. a5 bxa5 64. Bxa5 Kd6 65. Bd8 Bd4 66. Ba5 Be5
67. Bd2 Bg3 68. Be3 Bh2 69. Bd2 Bg3 70. Ba5 Be5 71. Bb6 Kc6 72. Ba5 Kd6 1/2-1/2

[Event "Online Olym Div3 C 2020"]
[Site "chess.com INT"]
[Date "2020.07.09"]
[Round "8.3"]
[Board "1"]
[White "Kulpruethanon, Thanadon"]
[Black "Saraci, Nderim"]
[Result "1/2-1/2"]
[WhiteTitle "FM"]
[BlackTitle "IM"]
[WhiteElo "2282"]
[BlackElo "2415"]
[WhiteTeam "Thailand"]
[BlackTeam "Kosovo"]
[WhiteFideId "6201610"]
[BlackFideId "6351921"]
[EventDate "2020.07.07"]
[EventType "team"]

1. d4 Nf6 2. Bf4 g6 3. Nc3 d5 4. e3 Bg7 5. h4 h5 6. Qd2 O-O 7. Nf3 Bf5 8. O-O-O
Nbd7 9. Ne5 Ne4 10. Nxe4 dxe4 11. Be2 Nxe5 12. dxe5 Qxd2+ 13. Rxd2 Rfd8 14. Rhd1
Rxd2 15. Rxd2 c6 16. c3 Kf8 17. Bd1 Ke8 18. Bb3 e6 1/2-1/2

[Event "Online Olym Div3 C 2020"]
[Site "chess.com INT"]
[Date "2020.07.09"]
[Round "8.4"]
[Board "3"]
[White "Boshra, Alshaeby"]
[Black "A-ALI, Sali Abbas Abdulzahra"]
[Result "1/2-1/2"]
[WhiteTitle "WFM"]
[BlackTitle "WFM"]
[WhiteElo "2033"]
[BlackElo "1911"]
[WhiteTeam "Jordan"]
[BlackTeam "Iraq"]
[WhiteFideId "8102937"]
[BlackFideId "4804929"]
[EventDate "2020.07.07"]
[EventType "team"]

1. e4 e6 2. d3 c5 3. Nf3 Nc6 4. g3 g6 5. Bg2 Bg7 6. O-O Nge7 7. Re1 O-O 8. h4 b5
9. h5 a5 10. h6 Bh8 11. c3 d6 12. d4 Qb6 13. Be3 cxd4 14. cxd4 d5 15. e5 Nf5 16.
Nc3 Nxe3 17. fxe3 f6 18. Qb3 a4 19. Qxb5 Qxb5 20. Nxb5 fxe5 21. Rec1 Bd7 22. Nc7
Rac8 23. Na6 e4 24. Ng5 Bf6 25. Nh3 Be7 26. Nc5 Bxc5 27. Rxc5 Nb4 28. Ng5 Nc2
29. Rc1 Nxe3 30. Bh3 Nf5 31. Rc7 Nxd4 32. Rxd7 Rxc1+ 33. Kg2 Rc2+ 34. Kh1 Rc1+
35. Kg2 Rfc8 36. Rg7+ Kf8 37. Nxh7+ Ke8 38. Nf6+ Kf8 39. Nd7+ Ke8 40. Nf6+ Kf8
41. Nh7+ Ke8 42. Nf6+ 1/2-1/2

[Event "Online Olym Div3 C 2020"]
[Site "chess.com INT"]
[Date "2020.07.09"]
[Round "8.5"]
[Board "1"]
[White "Michiels, Bart"]
[Black "Borg, Geoffrey"]
[Result "1/2-1/2"]
[WhiteTitle "GM"]
[BlackTitle "FM"]
[WhiteElo "2567"]
[BlackElo "2367"]
[WhiteTeam "Belgium"]
[BlackTeam "Malta"]
[WhiteFideId "202967"]
[BlackFideId "5600014"]
[EventDate "2020.07.07"]
[EventType "team"]

1. c4 e6 2. Nc3 Nf6 3. e4 c5 4. e5 Ng8 5. Nf3 Nc6 6. d4 cxd4 7. Nxd4 Nxe5 8.
Ndb5 a6 9. Nd6+ Bxd6 10. Qxd6 f6 11. Be3 Ne7 12. Bb6 Nf5 13. Bxd8 Nxd6 14. Bc7
Ke7 15. c5 Ne8 16. Bb6 d5 17. cxd6+ Nxd6 18. O-O-O Nd7 19. Bc7 Ne8 20. Ba5 Kf7
21. Bc4 Ne5 22. Bb3 b5 23. Nd5 Ra7 24. Nb6 Rc7+ 25. Kb1 Bb7 26. Rhe1 g5 27. Bc3
Ng7 28. g3 Bf3 29. Bxe5 fxe5 30. Rd7+ Rxd7 31. Nxd7 Ke7 32. Nxe5 Rf8 33. Re3 Bb7
34. f3 Kd6 35. g4 Bd5 36. Bc2 h6 37. a3 Ne8 38. Kc1 Nf6 39. Kd2 Nd7 40. Nxd7
Kxd7 41. Ke2 Kd6 42. Be4 Rc8 43. Kd2 Rf8 44. Ke2 Rc8 45. Kd2 Rf8 46. Ke2 1/2-1/2